| Tag |
First Indicator |
Second Indicator |
Subfields |
| LEADER |
00000nam a2200000 i 4500 |
| 001 |
in00004729413 |
| 006 |
m o d f |
| 007 |
cr ||||||||||| |
| 008 |
230606s2023 dcu ob f000 0 eng c |
| 005 |
20230718190042.6 |
| 024 |
8 |
|
|a 39-010
|q (GPO jacket number)
|
| 035 |
|
|
|a (OCoLC)on1381209628
|
| 040 |
|
|
|a GPO
|b eng
|e rda
|e pn
|c GPO
|d MvI
|
| 042 |
|
|
|a pcc
|
| 043 |
|
|
|a n-us---
|
| 049 |
|
|
|a WWW
|
| 074 |
|
|
|a 1008-G (online)
|
| 086 |
0 |
|
|a Y 1.1/5:118-33
|
| 110 |
1 |
|
|a United States.
|b Congress.
|b Senate.
|b Committee on Indian Affairs,
|0 https://id.loc.gov/authorities/names/n79043125
|e author.
|
| 245 |
1 |
0 |
|a Tribal Trust Land Homeownership Act of 2023 :
|b report (to accompany S. 70) (including cost estimate of the Congressional Budget Office).
|
| 264 |
|
1 |
|a [Washington, D.C.] :
|b [United States Government Publishing Office],
|c [2023]
|
| 300 |
|
|
|a 1 online resource (4 pages).
|
| 336 |
|
|
|a text
|b txt
|2 rdacontent
|
| 337 |
|
|
|a computer
|b c
|2 rdamedia
|
| 338 |
|
|
|a online resource
|b cr
|2 rdacarrier
|
| 490 |
1 |
|
|a Report / 118th Congress, 1st session, Senate ;
|v 118-33
|
| 500 |
|
|
|a In scope of the U.S. Government Publishing Office Cataloging and Indexing Program (C&I) and Federal Depository Library Program (FDLP).
|
| 500 |
|
|
|a "May 30, 2023."
|
| 500 |
|
|
|a Access ID (govinfo): CRPT-118srpt33.
|
| 500 |
|
|
|a GPO Cataloging Record Distribution Program (CRDP).
|
| 504 |
|
|
|a Includes bibliographical references.
|
| 588 |
|
|
|a Description based on online resource; title from PDF title page (GovInfo, viewed June 5, 2023).
|
| 610 |
1 |
0 |
|a United States.
|b Bureau of Indian Affairs
|x Rules and practice.
|
| 650 |
|
0 |
|a Indians of North America
|x Land tenure
|z United States.
|
| 650 |
|
0 |
|a Mortgage loans
|x Law and legislation
|z United States.
|
| 650 |
|
0 |
|a Land tenure
|x Law and legislation
|z United States.
|
| 650 |
|
7 |
|a Native Americans.
|2 cgpa
|
| 655 |
|
7 |
|a Legislative materials.
|2 lcgft
|0 https://id.loc.gov/authorities/genreForms/gf2011026362
|
| 776 |
0 |
8 |
|i Print version:
|a United States. Congress. Senate. Committee on Indian Affairs.
|t Tribal Trust Land Homeownership Act of 2023
|w (OCoLC)1381209670
|
| 810 |
1 |
|
|a United States.
|b Congress.
|b Senate.
|t Report ;
|0 https://id.loc.gov/authorities/names/n84709497
|v 118-33.
|
| 856 |
4 |
0 |
|3 PDF version
|u https://purl.fdlp.gov/GPO/gpo213384
|t 0
|
| 856 |
4 |
0 |
|3 Text version
|u https://purl.fdlp.gov/GPO/gpo213385
|t 0
|
| 999 |
f |
f |
|s 8b333948-6154-4a8f-aa67-02c5be6367c7
|i 552b7bc9-ea8e-4f44-8c9e-82f822d58e22
|t 0
|
| 952 |
f |
f |
|a Texas A&M University
|b College Station
|c Electronic Resources
|d Available Online
|t 0
|e Y 1.1/5:118-33
|h Superintendent of Documents classification
|
| 998 |
f |
f |
|a Y 1.1/5:118-33
|t 0
|l Available Online
|